Traité de télégraphie électrique (Record no. 159861)

MARC details
000 -LEADER
campo de control de longitud fija 00963nam a22002175i 4500
001 - NÚMERO DE CONTROL
campo de control 159861
003 - IDENTIFICADOR DE NÚMERO DE CONTROL
campo de control ES-MaACL
005 - FECHA Y HORA DE LA ÚLTIMA TRANSACCIÓN
campo de control 20250929063229.0
008 - DATOS DE LONGITUD FIJA--INFORMACIÓN GENERAL
campo de control de longitud fija 000717s1852 fr af |||| | fre d
040 ## - FUENTE DE CATALOGACIÓN
Centro catalogador/agencia de origen CCPB | B
Lengua de catalogación spa
Centro/agencia transcriptor CCPB | B
100 1# - ENTRADA PRINCIPAL--NOMBRE DE PERSONA
Nombre de persona Moigno, François,
Fechas asociadas al nombre 1804-1884
9 (RLIN) 130010
245 10 - MENCIÓN DEL TÍTULO
Título Traité de télégraphie électrique
Resto del título : comprenant son histoire, sa théorie, ses appareils ... précédé d'un exposé de la télégraphie en général et de la télégraphie en général /
Mención de responsabilidad, etc. par M. l'abbé Moigno.
250 ## - MENCION DE EDICION
Mención de edición 2e éd. entiérement refondue et complétée.
260 ## - PUBLICACIÓN, DISTRIBUCIÓN, ETC.
Lugar de publicación, distribución, etc. Paris :
Nombre del editor, distribuidor, etc. A. Franck, libraire-éditeur,
Fecha de publicación, distribución, etc. 1852 (
Fabricante imprimerie de Plon Fréres)
300 ## - DESCRIPCIÓN FÍSICA
Extensión 2 v. ;
Dimensiones 22 cm.
505 8# - NOTA DE CONTENIDO CON FORMATO
Nota de contenido con formato Contiene: Vol. I. Texto. Vol. II. Atlas
597 ## - NOTA DE DESCRIPCIÓN FÍSICA
NOTA DE DESCRIPCIÓN FÍSICA Vol. I (XV, 632 p.) -- Vol. II (3 p., XXII h. de grab.)
650 #4 - PUNTO DE ACCESO ADICIONAL DE MATERIA--TÉRMINO DE MATERIA
Término de materia o nombre geográfico como elemento de entrada Telégrafo.
9 (RLIN) 17430
852 ## - LOCALIZACIÓN
Ubicación ES-MaACL
Número de control de estantería G-11866
Nota libre -- Enc. hol.
condición física -- Sólo t.I
Holdings
Estatus retirado Estado de pérdida Estado de daño No para préstamo Colección Biblioteca de origen Biblioteca actual Ubicación en estantería Fecha de adquisición Fuente de adquisición Total de préstamos Signatura topográfica completa Código de barras Visto por última vez Precio de reemplazo Tipo de ítem Koha
        Libros del s. XIX Biblioteca del Ateneo de Madrid Biblioteca del Ateneo de Madrid Sala Pecera Planta 3 17/01/2008     G-11866 1167351 23/02/2023 23/02/2023 Libro impreso antiguo